MDQL
is popping MORE tags! Check the
thread
!
Quizzes
Events
Quiz Creation
Community
Videos
Private Events
Remove Ads
Sign In
Join for FREE
Feedback
Dark Mode
Quiz Categories
Sports
Geography
Music
Movies
Television
Just For Fun
Miscellaneous
History
Literature
Language
Science
Gaming
Entertainment
Religion
Holiday
For Kids
Quiz Lab
Recent
Popular Today
Quiz Kudos Today
Editor Picks
Curator Picks
Quizzes by...
Day
Popularity
Type
Ratings
Length
Year
Community
Subscriptions
Recent Discussions
Orange Saloon
Badges
Playlists
Quests
Create
Leaderboards
Showdown
Live 5
Trivia Bingo
Activity
Puzzle Library
Sporcle Events
Private Events
Virtual Trivia
Globe League
Become a Host
Pub Owners
SporcleCon
Opinionation
Our Games
Videos
Blog
Mobile Apps
Partnerships
Remove Ads and Go Orange
Feedback
Science
Computer
Plants
Astronomy
Chemistry
Elements
Math
Animal
Physics
Anatomy
Biology
Geology
General Science
Science
Computer
Plants
Astronomy
Chemistry
Elements
Math
Animal
Physics
Anatomy
Biology
Geology
General Science
Random Quiz
Search Sporcle
×
Quiz Lab
Quiz Lab
Science
Clickable
Select answers by clicking on text or image buttons
Select answers by clicking on text or image buttons
Clickable
Best Score? Go Orange.
Click The Answer To The Math Problem Stats
Can you pick the answer to the math problem?
By
baseball100
60s
20 Questions
652 Plays
652 Plays
652 Plays
Comments
Comments
Give Quiz Kudos
Give Quiz Kudos
-
- Ratings
hide this ad
More Info
Forced Order
Answers have to be entered in order
Answers have to be entered in order
Replay
Link that replays current quiz
Next Quiz
Link to next quiz in quiz playlist
You Got
0%
They Got
Avg Score
90%
Avg Friend Score
Upgrade to see
Score Distribution
Jump to the score distribution portion of the page
Score
0/20
Timer
01:00
0
Plays Today
% Correct
67
98.9%
1
98.3%
1006
97.4%
199
97.4%
50
97.2%
5
95.9%
357
94.8%
1050
93.6%
0
91.4%
900
90.3%
% Correct
144
90.2%
490
90%
35
89.3%
100
89%
10
87.1%
35
87.1%
125
83.7%
4503
81.3%
2
79.9%
2736
77.1%
Quiz Playlist
Details
Report
Send in Message
Add To Playlist
More Info:
All you have to do is click the answer to the math problem. They are in no type of order so good luck!!
Clickable:
Select answers by clicking on text or image buttons
Forced Order:
Answers have to be entered in order
Last Updated: Feb 16, 2017
Quiz Scoreboard
CHALLENGE
Sign Up to Join the Scoreboard
Show All
Scores
Hide
Comments
May contain spoilers
Recently Published
Street Fighter Characters
by Artimus82
Gaming
60s
9x9 Crossword: Cartoon Network
by jackfrog10
Miscellaneous
3m
College Basketball Coaching Resumes
by pancakes188
Sports
9m
More to Explore
Quiz From the Vault
Featured Blog Post
Where Did the Easter Bunny Come From?
hide this ad
You Might Also Like...
Tags
Clickable Quiz
Math Quiz
Numbers Quiz
Today's Top Quizzes in Science
Browse Science
hide this ad
Today's Top Quizzes in Clickable
Browse Clickable
Top Contributed Quizzes in Science
1
Quick Pick: Radians
2
The First 100 Digits of Pi
3
Quick Pick: 'CI-CJ' Animals
4
Elements In Images
5
perfect squares 1-25
6
One Thing in Common: Science
7
One Thing in Common: Science II
8
One Thing in Common: Animals
9
One Thing in Common: Science III
10
Science Jokes
Explore More
Trending Topics
Harry Potter
Anime
Crossword
Disney
Kpop
NBA
Marvel
Puzzle
Soccer
The Office
NFL
Country
Pokémon
WWE
Song
hide this ad
More By:
baseball100
Quiz
Plays
Rating
Category
Featured
Created
Mixed Word: Basketball Teams
47,101
3.71
Just For Fun
Jan 21, 2012
Pick the WWE Superstars by Phrase (clickable)
3,284
1.86
Sports
Mar 17, 2013
Even Numbers Challenge
2,981
3.24
Science
May 9, 2012
South Park Theme Song Lyrics
2,245
2.81
Television
Feb 27, 2012
Click The Opposites
1,356
2.73
Just For Fun
Apr 13, 2012
Go to Creator's Profile
Score Distribution
Quiz Creator Spotlight
baseball100
Follow
Send a Message
Quizzes Created
-
Created Quiz Play Count
-
More By This Creator
Popular Quizzes Today
1
Find the US States - No Outlines Minefield
2
Find the Countries of Europe - No Outlines Minefield
3
The Countries of the World
4
Find the US States
5
Risky Map Clicking: Biggest States A-Z
6
US States
7
Popular People in 1961
8
Movies - When Are They Set?
More Science Quizzes
Animals on Time Magazine Covers
Published
Trending Quizzes
Risky Map Clicking: Least Populous States A-Z
Countries of the World: 200 Million BC
Billboard Blitz: Aretha Franklin
1-10 Letter G Words
Famous Russians: Author or Composer?
Recently Updated
Leaping Animals
pecheneg
Reality TV Shows (A-Z)
bhenderson79
Rickey Henderson's Hall of Fame Teammates
pecheneg
Champions League XIs: Arsenal
pecheneg
Quick Pick: Celebrities in WWE's Hall of Fame
aduchscher
A-Z Keypad Blitz II
pecheneg
Multiple Oscar Actors
pecheneg
Mystery Phrase Blitz: Oscar 'Best Actors'
pecheneg
F. Scott Fitzgerald Novels
LTH
Pick 3 Villains
ddd62291
Trending Topics
Marvel
Harry Potter
Anime
Kpop
Crossword
NBA
Disney
WWE
NFL
The Office
Song
Country
Puzzle
Soccer
Pokémon
Your Account Isn't Verified!
In order to create a playlist on Sporcle, you need to verify the email address you used during registration. Go to your
Sporcle Settings
to finish the process.
Report this User
Report this user for behavior that violates our
Community Guidelines
.
Details:
Send Report
Go to the Sporcle.com Mobile Site →
Comments